Taktika výslechu dítěte z pohledu kriminalistiky a forenzní praxe
Výsluch dieťaťa si vyžaduje empatiu, odbornosť a rešpekt. Dôležitá je príprava vypočúvajúceho, voľba vhodnej taktiky a prostredia. Kľúčovým cieľom je získať vierohodné odpovede bez ďalšej traumatizácie dieťaťa. Text sa zameriava na na doporučené taktiky a praktické aspekty správneho vedenia výsluchu...
Gespeichert in:
| 1. Verfasser: | |
|---|---|
| Weitere Verfasser: | |
| Format: | Buchkapitel |
| Sprache: | Tschechisch |
| Schlagworte: | |
| Tags: |
Keine Tags, Fügen Sie das erste Tag hinzu!
|
MARC
| LEADER | 00000naa a2200000 4500 | ||
|---|---|---|---|
| 001 | 0311562 | ||
| 005 | 20250711121537.0 | ||
| 041 | 0 | |a cze | |
| 044 | |a CZ | ||
| 245 | 1 | 0 | |a Taktika výslechu dítěte z pohledu kriminalistiky a forenzní praxe |c Jiří Straus, Šárka Ksandrová |
| 520 | |a Výsluch dieťaťa si vyžaduje empatiu, odbornosť a rešpekt. Dôležitá je príprava vypočúvajúceho, voľba vhodnej taktiky a prostredia. Kľúčovým cieľom je získať vierohodné odpovede bez ďalšej traumatizácie dieťaťa. Text sa zameriava na na doporučené taktiky a praktické aspekty správneho vedenia výsluchu dieťaťa v rôznych roliach - ako svedka, poškodeného i páchateľa. | ||
| 610 | 2 | 0 | |a deti |
| 610 | 2 | 0 | |a veda forenzná |
| 610 | 2 | 0 | |a činy trestné |
| 610 | 2 | 0 | |a empatia |
| 610 | 2 | 0 | |a metódy |
| 610 | 2 | 0 | |a kriminológia |
| 610 | 2 | 0 | |a výsluch |
| 100 | 1 | |a Straus, Jiří | |
| 700 | 1 | |a Ksandrová, Šárka | |